[Event "IBCA EU-chT blind 03rd"]
[Site "Genova"]
[Date "2023.04.21"]
[Round "2.3"]
[White "Morariu, Ionel"]
[Black "Saez Gabikagogeaskoa, Oscar"]
[Result "1/2-1/2"]
[WhiteElo "1914"]
[BlackElo "1979"]
[PlyCount "61"]
[EventDate "2023.04.20"]
[EventType "team-swiss"]
[EventRounds "9"]
[EventCountry "ITA"]
[SourceTitle "CBM 213 Extra"]
[Source "ChessBase"]
[SourceDate "2023.05.31"]
[SourceVersion "1"]
[SourceVersionDate "2023.05.31"]
[SourceQuality "1"]
[WhiteTeam "Romania"]
[BlackTeam "Spain"]
[WhiteTeamCountry "ROU"]
[BlackTeamCountry "ESP"]

1. e4 c5 2. Nf3 Nc6 3. d4 cxd4 4. Nxd4 Nf6 5. Nc3 e5 6. Ndb5 d6 7. Bg5 a6 8. Na3 b5 9. Nd5 Qa5+ 10. Bd2 Qd8 11. Bg5 Be7 12. Bxf6 Bxf6 13. c3 0-0 14. Bd3 Bg5 15. h4 Bh6 16. g4 Bf4 17. Qf3 Be6 18. Nxf4 exf4 19. Qxf4 Ne5 20. Be2 Bxg4 21. Rg1 Bxe2 22. Kxe2 b4 23. cxb4 Qb6 24. Nc4 Qd4 25. Nxe5 Qxb2+ 26. Ke3 Qxe5 27. Qxe5 dxe5 28. Rac1 Rfc8 29. Rc5 Rxc5 30. bxc5 Rc8 31. Rd1 1/2-1/2

[Event "Mondariz Balneario op"]
[Site "Mondariz Balneario"]
[Date "2022.12.29"]
[Round "8"]
[White "Saez Gabikagogeaskoa, Oscar"]
[Black "Otero Nogueira, Brais"]
[Result "1/2-1/2"]
[WhiteElo "1941"]
[BlackElo "2080"]
[PlyCount "52"]
[EventDate "2022.12.26"]
[EventType "swiss"]
[EventRounds "8"]
[EventCountry "ESP"]
[SourceTitle "CBM 212 Extra"]
[Source "ChessBase"]
[SourceDate "2023.03.31"]
[SourceVersion "1"]
[SourceVersionDate "2023.03.31"]
[SourceQuality "1"]

1. e4 c5 2. Nf3 d6 3. d4 cxd4 4. Nxd4 Nf6 5. Nc3 g6 6. Be3 Bg7 7. f3 0-0 8. Bc4 Nc6 9. Qd2 Nxd4 10. Bxd4 Be6 11. Bb3 Qa5 12. 0-0-0 Rfc8 13. Kb1 b5 14. Rhe1 Bxb3 15. cxb3 b4 16. Nd5 Nxd5 17. exd5 Rc7 18. Bxg7 Kxg7 19. Re4 Rac8 20. Rh4 h5 21. g4 Qc5 22. gxh5 Qc2+ 23. Qxc2 Rxc2 24. hxg6 a5 25. gxf7 Kxf7 26. Rf4+ Ke8 1/2-1/2

[Event "Mondariz Balneario op"]
[Site "Mondariz Balneario"]
[Date "2022.12.27"]
[Round "4"]
[White "Saez Gabikagogeaskoa, Oscar"]
[Black "Martinez Rodriguez, Eugenio"]
[Result "1-0"]
[WhiteElo "1941"]
[BlackElo "1799"]
[PlyCount "87"]
[EventDate "2022.12.26"]
[EventType "swiss"]
[EventRounds "8"]
[EventCountry "ESP"]
[SourceTitle "CBM 212 Extra"]
[Source "ChessBase"]
[SourceDate "2023.03.31"]
[SourceVersion "1"]
[SourceVersionDate "2023.03.31"]
[SourceQuality "1"]

1. e4 e5 2. Nf3 Nc6 3. d4 exd4 4. Nxd4 Nf6 5. Nc3 Bb4 6. Nxc6 bxc6 7. Bd3 d5 8. exd5 0-0 9. 0-0 cxd5 10. Bg5 c6 11. Qf3 Rb8 12. Bxf6 Qxf6 13. Qxf6 gxf6 14. Ne2 Bd6 15. Rab1 a5 16. Nd4 Bd7 17. Bf5 Bxf5 18. Nxf5 Bc5 19. Rfe1 Rfe8 20. Rxe8+ Rxe8 21. Kf1 Rb8 22. b3 Rb4 23. Re1 Kf8 24. g3 a4 25. c3 Rb8 26. b4 Ba7 27. Re7 Bb6 28. Rd7 Re8 29. Rb7 Bd8 30. Ra7 h5 31. Rxa4 Bc7 32. Ra6 Be5 33. Rxc6 Kg8 34. f4 Bb8 35. Rc8 Rxc8 36. Ne7+ Kf8 37. Nxc8 Ke8 38. Nb6 d4 39. c4 Kd8 40. Ke2 h4 41. Kd3 Kc7 42. Nd5+ Kd6 43. Kxd4 h3 44. Nxf6 1-0

[Event "Benidorm op-B"]
[Site "Benidorm"]
[Date "2022.12.10"]
[Round "8"]
[White "Goktepe, Derin"]
[Black "Saez Gabikagogeaskoa, Oscar"]
[Result "1-0"]
[WhiteElo "1828"]
[BlackElo "1941"]
[PlyCount "79"]
[EventDate "2022.12.03"]
[EventType "swiss"]
[EventRounds "9"]
[EventCountry "ESP"]
[SourceTitle "CBM 212 Extra"]
[Source "ChessBase"]
[SourceDate "2023.03.31"]
[SourceVersion "1"]
[SourceVersionDate "2023.03.31"]
[SourceQuality "1"]

1. d4 Nf6 2. c4 c5 3. d5 b5 4. cxb5 a6 5. b6 e6 6. Nc3 Nxd5 7. Nxd5 exd5 8. Qxd5 Nc6 9. Nf3 Rb8 10. e4 Be7 11. Bc4 0-0 12. 0-0 Rxb6 13. b3 d6 14. Bb2 Bf6 15. Bxf6 Qxf6 16. e5 Nxe5 17. Nxe5 Qxe5 18. Qxe5 dxe5 19. Rfe1 Re8 20. Rad1 Kf8 21. Rd5 f6 22. Rxc5 Be6 23. Bxe6 Rexe6 24. Kf1 Red6 25. Rec1 Rd2 26. R1c2 Rbd6 27. Rxd2 Rxd2 28. Ra5 Rd6 29. Ke2 Ke7 30. Rc5 Kd7 31. Rc3 Ke6 32. Rc7 Rd7 33. Rxd7 Kxd7 34. Kd3 f5 35. Kc4 Kc6 36. b4 g5 37. a4 h5 38. b5+ axb5+ 39. axb5+ Kd6 40. b6 1-0

[Event "Benidorm op-B"]
[Site "Benidorm"]
[Date "2022.12.03"]
[Round "1"]
[White "Saez Gabikagogeaskoa, Oscar"]
[Black "Espejo Montagut, Jose Maria"]
[Result "1-0"]
[WhiteElo "1941"]
[BlackElo "1658"]
[PlyCount "75"]
[EventDate "2022.12.03"]
[EventType "swiss"]
[EventRounds "9"]
[EventCountry "ESP"]
[SourceTitle "CBM 212 Extra"]
[Source "ChessBase"]
[SourceDate "2023.03.31"]
[SourceVersion "1"]
[SourceVersionDate "2023.03.31"]
[SourceQuality "1"]

1. e4 e6 2. d4 d5 3. Nc3 dxe4 4. Nxe4 Nd7 5. Nf3 Ngf6 6. Bd3 Nxe4 7. Bxe4 Nf6 8. Bd3 Be7 9. 0-0 0-0 10. Qe2 Qd6 11. Bg5 h6 12. Bh4 Qb6 13. c4 c5 14. dxc5 Qxc5 15. Ne5 Qd4 16. Bg3 Bd7 17. Rfd1 Qc5 18. Nxd7 Nxd7 19. Qe4 Nf6 20. Qxb7 Rfd8 21. a3 Kf8 22. b4 Qh5 23. h3 a5 24. Bc7 Rdc8 25. Bxa5 Bd6 26. Qb5 Be5 27. Rab1 Rcb8 28. Bb6 Rd8 29. Qc5+ Kg8 30. Bxd8 Rxd8 31. Bh7+ Kxh7 32. Rxd8 Ne4 33. Qe3 f5 34. Rbd1 Qh4 35. R8d7 Bf4 36. Qd4 e5 37. Qa7 Qg5 38. Rxg7+ 1-0

[Event "Seville op 45th"]
[Site "Seville"]
[Date "2020.01.11"]
[Round "2"]
[White "Matamoros Franco, Carlos S"]
[Black "Saez Gabikagogeaskoa, Oscar"]
[Result "1-0"]
[WhiteElo "2487"]
[BlackElo "1978"]
[PlyCount "63"]
[EventDate "2020.01.10"]
[EventType "swiss"]
[EventRounds "9"]
[EventCountry "ESP"]
[SourceTitle "CBM 194 Extra"]
[Source "ChessBase"]
[SourceDate "2020.03.31"]
[SourceVersion "1"]
[SourceVersionDate "2020.03.31"]
[SourceQuality "1"]

1. d4 Nf6 2. Nf3 g6 3. g3 Bg7 4. Bg2 0-0 5. 0-0 d6 6. c4 Nbd7 7. Nc3 c5 8. b3 Rb8 9. Bb2 cxd4 10. Nxd4 Nc5 11. e4 h5 12. h3 a6 13. Re1 Qc7 14. Rc1 e6 15. Qd2 Kh7 16. Rcd1 Bh6 17. Qc2 e5 18. Nf3 b5 19. b4 Ne6 20. Nd5 Nxd5 21. exd5 Nd4 22. Nxd4 exd4 23. Rxd4 Bf5 24. Qc3 Bg7 25. c5 dxc5 26. bxc5 b4 27. Qc4 Qa5 28. Re3 Bb1 29. d6 Bxa2 30. Qc1 Rb5 31. c6 Rc5 32. Qd2 1-0

[Event "ESP-ch FEDC 28th"]
[Site "Ubeda"]
[Date "2019.11.24"]
[Round "6"]
[White "Vela Ignacio, Jose Manuel"]
[Black "Saez Gabikagogeaskoa, Oscar"]
[Result "1-0"]
[WhiteElo "2035"]
[BlackElo "1987"]
[PlyCount "58"]
[EventDate "2019.11.19"]
[EventType "swiss"]
[EventRounds "8"]
[EventCountry "ESP"]
[SourceTitle "EXT 2024"]
[Source "ChessBase"]
[SourceDate "2023.10.10"]
[SourceVersion "1"]
[SourceVersionDate "2023.10.10"]
[SourceQuality "1"]

1. f4 Nf6 2. Nf3 g6 3. e3 Bg7 4. d4 0-0 5. Bd3 d6 6. 0-0 c5 7. c3 Nc6 8. Qe2 Qc7 9. e4 cxd4 10. Nxd4 Qb6 11. Kh1 Nxd4 12. cxd4 Qxd4 13. Be3 Qb4 14. Nc3 Qa5 15. f5 Bd7 16. fxg6 hxg6 17. Qd2 Qh5 18. Rf3 a6 19. Raf1 Be6 20. Rg3 Qh7 21. Be2 Rac8 22. Bf3 Nh5 23. Bxh5 Qxh5 24. Rg5 Qh4 25. Rg3 Be5 26. Bf4 Rc5 27. Nd5 Bxd5 28. exd5 Bxf4 29. Rxf4 Rxd5 1-0

[Event "ESP-ch FEDC 28th"]
[Site "Ubeda"]
[Date "2019.11.20"]
[Round "2"]
[White "Menendez Solar, Jose Carlos"]
[Black "Saez Gabikagogeaskoa, Oscar"]
[Result "1/2-1/2"]
[WhiteElo "1734"]
[BlackElo "1987"]
[PlyCount "41"]
[EventDate "2019.11.19"]
[EventType "swiss"]
[EventRounds "8"]
[EventCountry "ESP"]
[SourceTitle "EXT 2024"]
[Source "ChessBase"]
[SourceDate "2023.10.10"]
[SourceVersion "1"]
[SourceVersionDate "2023.10.10"]
[SourceQuality "1"]

1. d4 Nf6 2. c4 d5 3. cxd5 g6 4. Nc3 Nxd5 5. Nf3 Bg7 6. Qb3 Nb6 7. Bf4 0-0 8. e4 c6 9. h3 Be6 10. Qc2 a5 11. Rd1 Na6 12. Be2 Nb4 13. Qb1 Bc4 14. 0-0 e6 15. Rfe1 Bxe2 16. Rxe2 Nc4 17. a3 Na6 18. e5 b5 19. Ne4 Nc7 20. b3 Nb6 21. Bg5 1/2-1/2

[Event "ESP-ch FEDC 27th"]
[Site "Almunecar"]
[Date "2018.11.29"]
[Round "4"]
[White "Draghici Flutur, Gavril"]
[Black "Saez Gabikagogeaskoa, Oscar"]
[Result "1/2-1/2"]
[WhiteElo "2123"]
[BlackElo "1995"]
[PlyCount "64"]
[EventDate "2018.11.26"]
[EventType "swiss"]
[EventRounds "8"]
[EventCountry "ESP"]
[SourceTitle "EXT 2024"]
[Source "ChessBase"]
[SourceDate "2023.10.10"]
[SourceVersion "1"]
[SourceVersionDate "2023.10.10"]
[SourceQuality "1"]

1. e4 c5 2. Nf3 Nc6 3. Bb5 g6 4. 0-0 Bg7 5. c3 Nf6 6. d4 cxd4 7. cxd4 Nxe4 8. d5 Nd6 9. Na3 Nb4 10. Bf4 0-0 11. Bxd6 exd6 12. Qd2 a5 13. Nc4 b6 14. Nxd6 Ba6 15. a3 Bxb5 16. Nxb5 Na6 17. Rac1 Nc5 18. Rc4 a4 19. d6 Qf6 20. Rb4 Rab8 21. Nc3 Rfc8 22. Re1 Bf8 23. Nb5 Nb3 24. Qd5 Rc5 25. Qd3 Qxb2 26. h3 Rbc8 27. g3 Rc2 28. Rf1 Qf6 29. Rxa4 Qb2 30. Rb4 Nc5 31. Qd1 Qa2 32. Rb1 Ne4 1/2-1/2

[Event "Las Palmas Montalvo Memorial 11th"]
[Site "Las Palmas"]
[Date "2018.03.29"]
[Round "7"]
[White "Saez Gabikagogeaskoa, Oscar"]
[Black "Gascon del Nogal, Jose Rafael"]
[Result "0-1"]
[WhiteElo "1970"]
[BlackElo "2496"]
[PlyCount "44"]
[EventDate "2018.03.24"]
[EventType "swiss"]
[EventRounds "9"]
[EventCountry "ESP"]
[SourceTitle "CBM 183 Extra"]
[Source "ChessBase"]
[SourceDate "2018.04.19"]
[SourceVersion "1"]
[SourceVersionDate "2018.04.19"]
[SourceQuality "1"]

1. e4 c5 2. Nf3 e6 3. d4 cxd4 4. Nxd4 Nc6 5. Nc3 Qc7 6. Be3 a6 7. Nxc6 Qxc6 8. Qd4 b5 9. e5 Bb7 10. Bd3 Ne7 11. Be4 Qc7 12. 0-0-0 Nc6 13. Qb6 Qxb6 14. Bxb6 Be7 15. f4 Rb8 16. Rd2 b4 17. Na4 Nxe5 18. Bc7 Rc8 19. Bxe5 Bxe4 20. Nb6 Rc6 21. Nxd7 f6 22. Bb8 Bd5 0-1

[Event "Las Palmas Montalvo Memorial 11th"]
[Site "Las Palmas"]
[Date "2018.03.26"]
[Round "4"]
[White "Saez Gabikagogeaskoa, Oscar"]
[Black "Macias Reyes, Jose Luis"]
[Result "1-0"]
[WhiteElo "1970"]
[BlackElo "1553"]
[PlyCount "45"]
[EventDate "2018.03.24"]
[EventType "swiss"]
[EventRounds "9"]
[EventCountry "ESP"]
[SourceTitle "CBM 183 Extra"]
[Source "ChessBase"]
[SourceDate "2018.04.19"]
[SourceVersion "1"]
[SourceVersionDate "2018.04.19"]
[SourceQuality "1"]

1. e4 c6 2. d4 d5 3. exd5 cxd5 4. c4 Nf6 5. Nc3 e6 6. Nf3 Nc6 7. Bd3 Be7 8. 0-0 0-0 9. Re1 Re8 10. h3 Nb4 11. Bf1 dxc4 12. Bxc4 Nbd5 13. Ne5 Bd7 14. Nxd7 Nxc3 15. Nxf6+ Bxf6 16. bxc3 Rc8 17. Bb5 Re7 18. Bd2 a6 19. Ba4 b5 20. Bb3 Rd7 21. Qg4 Bxd4 22. cxd4 Rxd4 23. Bg5 1-0

[Event "ESP-ch FEDC 26th"]
[Site "Ciudad Real"]
[Date "2017.11.18"]
[Round "7.2"]
[White "Fernandez Manrique, Agustin"]
[Black "Saez Gabikagogeaskoa, Oscar"]
[Result "1-0"]
[WhiteElo "2132"]
[BlackElo "1946"]
[PlyCount "93"]
[EventDate "2017.11.12"]
[EventType "swiss"]
[EventRounds "8"]
[EventCountry "ESP"]
[SourceTitle "EXT 2024"]
[Source "ChessBase"]
[SourceDate "2023.10.10"]
[SourceVersion "1"]
[SourceVersionDate "2023.10.10"]
[SourceQuality "1"]

1. c4 Nf6 2. Nc3 c6 3. Nf3 d5 4. e3 e6 5. Qc2 Bb4 6. a3 Bxc3 7. Qxc3 0-0 8. b3 dxc4 9. bxc4 Nbd7 10. a4 Ne4 11. Qc2 f5 12. a5 g5 13. d3 Nec5 14. Bb2 Kf7 15. h4 g4 16. Ng5+ Kg6 17. f4 Nf6 18. h5+ Kh6 19. Be2 Qc7 20. Bxf6 Rxf6 21. d4 Na6 22. Qc3 Rf8 23. c5 Qd8 24. g3 Nc7 25. Qc2 Nd5 26. Kf2 Nf6 27. Bc4 Qe7 28. Rab1 Rb8 29. Qb3 Nd5 30. Rhe1 b5 31. axb6 axb6 32. Bxd5 exd5 33. cxb6 Ba6 34. Qc3 Bc4 35. Rb2 Rg8 36. Ra1 Rxg5 37. fxg5+ Kxg5 38. e4 Kh6 39. Qe3+ Kg7 40. h6+ Kh8 41. Qf4 Rf8 42. exf5 Bd3 43. Qe5+ Qxe5 44. dxe5 Rxf5+ 45. Ke3 Rf3+ 46. Kd4 Kg8 47. b7 1-0

[Event "Madrid FEDC-ch 25th"]
[Site "Madrid"]
[Date "2016.11.09"]
[Round "4"]
[White "Menendez Solar, Jose Carlos"]
[Black "Saez Gabikagogeaskoa, Oscar"]
[Result "1-0"]
[WhiteElo "1800"]
[BlackElo "1998"]
[PlyCount "39"]
[EventDate "2016.11.06"]
[EventType "swiss"]
[EventRounds "8"]
[EventCountry "ESP"]
[SourceTitle "CBM 175 Extra"]
[Source "ChessBase"]
[SourceDate "2016.12.12"]
[SourceVersion "1"]
[SourceVersionDate "2016.12.12"]
[SourceQuality "1"]

1. d4 f5 2. e4 fxe4 3. Nc3 Nf6 4. Bg5 Nc6 5. d5 Ne5 6. Qd4 Nf7 7. h4 c6 8. 0-0-0 Qc7 9. Bxf6 Qf4+ 10. Kb1 exf6 11. Re1 Nd6 12. Nxe4 Kf7 13. Nh3 c5 14. Qd3 Qh6 15. g4 Nxe4 16. Qxe4 Bd6 17. g5 Qg6 18. Qf3 f5 19. Bd3 Rf8 20. h5 1-0

[Event "Linares FEDC-ch 24th"]
[Site "Linares"]
[Date "2014.11.20"]
[Round "5"]
[White "Saez Gabikagogeaskoa, Oscar"]
[Black "Ramirez Carrasco, Antonio"]
[Result "1-0"]
[WhiteElo "1988"]
[BlackElo "1755"]
[PlyCount "57"]
[EventDate "2014.11.16"]
[EventType "swiss"]
[EventRounds "8"]
[EventCountry "ESP"]
[SourceTitle "CBM 163 Extra"]
[Source "ChessBase"]
[SourceDate "2014.12.23"]
[SourceVersion "1"]
[SourceVersionDate "2014.12.23"]
[SourceQuality "1"]

1. e4 e5 2. Nf3 Nc6 3. d4 exd4 4. Nxd4 Bc5 5. Be3 Qf6 6. c3 Nge7 7. Bc4 Ne5 8. Be2 Qg6 9. 0-0 d6 10. Bh5 Qxe4 11. Nb5 Qc6 12. Bxc5 Qxc5 13. Qe2 0-0 14. b4 Qb6 15. a4 a6 16. Nd4 N7c6 17. Nxc6 Qxc6 18. f4 Ng6 19. f5 Ne5 20. f6 Be6 21. Nd2 Qxc3 22. Rac1 Qd4+ 23. Kh1 c6 24. Rcd1 Qh4 25. Ne4 Bc4 26. Qf2 Qxe4 27. fxg7 Rfd8 28. Rd4 Nd3 29. Bxf7+ 1-0

[Event "Linares FEDC-ch 24th"]
[Site "Linares"]
[Date "2014.11.17"]
[Round "2"]
[White "Mondelo Fidalgo, Antonio"]
[Black "Saez Gabikagogeaskoa, Oscar"]
[Result "1/2-1/2"]
[WhiteElo "1739"]
[BlackElo "1988"]
[PlyCount "53"]
[EventDate "2014.11.16"]
[EventType "swiss"]
[EventRounds "8"]
[EventCountry "ESP"]
[SourceTitle "CBM 163 Extra"]
[Source "ChessBase"]
[SourceDate "2014.12.23"]
[SourceVersion "1"]
[SourceVersionDate "2014.12.23"]
[SourceQuality "1"]

1. d4 Nf6 2. Nf3 c5 3. e3 d5 4. Bd3 c4 5. Be2 Bf5 6. b3 cxb3 7. axb3 h6 8. c4 e6 9. c5 Be7 10. Bd3 Bxd3 11. Qxd3 0-0 12. 0-0 Nc6 13. Ba3 b6 14. b4 bxc5 15. bxc5 Qc7 16. Bb2 Rfb8 17. Qe2 Rb7 18. Na3 Rab8 19. Rab1 Rb3 20. Qc2 Qa5 21. Bc1 Rxb1 22. Nxb1 Ne4 23. Bd2 Qa6 24. Nc3 Qc4 25. Rc1 Ng5 26. Nxg5 hxg5 27. Rb1 1/2-1/2

[Event "Arteixo Concello U2200 op 15th"]
[Site "Arteixo"]
[Date "2014.07.25"]
[Round "1.5"]
[White "Saez Gabikagogeaskoa, Oscar"]
[Black "De La Pena Llerandi, Adolfo"]
[Result "1-0"]
[WhiteElo "2024"]
[BlackElo "1575"]
[PlyCount "87"]
[EventDate "2014.07.25"]
[EventType "swiss"]
[EventRounds "6"]
[EventCountry "ESP"]
[SourceTitle "EXT 2024"]
[Source "ChessBase"]
[SourceDate "2023.10.10"]
[SourceVersion "1"]
[SourceVersionDate "2023.10.10"]
[SourceQuality "1"]

1. e4 e5 2. Nf3 d5 3. Nc3 d4 4. Ne2 Nc6 5. Ng3 Bd7 6. Bb5 Qf6 7. 0-0 0-0-0 8. d3 h6 9. h3 g5 10. Nh5 Qg6 11. Bxc6 Qxh5 12. Bxd7+ Rxd7 13. Nxe5 Qxd1 14. Rxd1 Re7 15. f4 Bg7 16. Nf3 f6 17. Nxd4 h5 18. Nf5 Rf7 19. fxg5 fxg5 20. Rf1 Nh6 21. Nxg7 Rxg7 22. Be3 Rhg8 23. Rf6 Nf7 24. Raf1 Nd6 25. e5 Ne8 26. Rf8 h4 27. Rxg8 Rxg8 28. Rf5 g4 29. Rg5 Rh8 30. Rxg4 Rh5 31. d4 c5 32. c3 Nc7 33. Bf2 Kd7 34. Rxh4 Rg5 35. Rh7+ Kc6 36. h4 Rg4 37. dxc5 Nd5 38. Rf7 Nf4 39. g3 Ne2+ 40. Kg2 Re4 41. h5 Rxe5 42. h6 Rh5 43. h7 b5 44. g4 1-0